000 00404nam a22001697a 4500
003 MPLRDC
005 20220104144037.0
008 210129b ||||| |||| 00| 0 eng d
082 _a868 LHM
100 _a廖怀明 编著
245 _a海那边中国人
_c
250 _a初版
260 _a
_b南海出版公司
_c1992
300 _b
650 _a东南亚各国文学
942 _cBK
_o868 LHM
999 _c45843
_d45833